000 00584cam a22002173a 4500
001 30655
003 PGUSA
005 20140828083649.0
008 091212s2009||||xxu|||||s|||||000 | eng d
040 _aPGUSA
_beng
042 _adc
050 4 _aPT
100 1 _aKafka, Franz,
_d1883-1924
245 1 0 _aEin Hungerkünstler
_h[electronic resource] /
_cFranz Kafka
260 _bProject Gutenberg,
_c2009
506 _aPublic domain in the USA.
516 _aElectronic text
830 0 _aProject Gutenberg
_v30655
856 4 0 _uhttp://www.gutenberg.org/ebooks/30655
942 _cEB
999 _c259910
_d259910